| 000 | 01606cam a2200301 i 4500 | ||
|---|---|---|---|
| 003 | SA-RiAUC | ||
| 005 | 20241212063455.0 | ||
| 008 | 241207s1993 su a g b f00010 ara c | ||
| 040 |
_aSA-RiAUC _bara _cSA-RiAUC _erda |
||
| 043 | _aa-su--- | ||
| 082 | 0 | 4 |
_a378.1 _qSA-RiAUC |
| 090 |
_a378.1 _bز هـ ر |
||
| 100 | 1 |
_aالزهراني، سعد عبد الله بردي، _d1368 هجري- _eمؤلف. |
|
| 245 | 1 | 2 |
_aالعبء الوظيفي لأعضاء هيئة التدريس بكليتي التربية والعلوم الاجتماعية بجامعة أم القرى بمكة المكرمة / _cسعد عبد الله بردي الزهراني. |
| 264 | 1 |
_aمكة المكرمة : _bجامعة أم القرى، معهد البحوث العلمية وإحياء التراث الإسلامي، مركز البحوث التربوية والنفسية، _c[1993] |
|
| 300 |
_a62 صفحة : _bجداول ؛ _c24 سم. |
||
| 336 |
_aنص _btxt _2rdacontent _3كتاب |
||
| 337 |
_aبدون وسيط _bn _2rdamedia |
||
| 338 |
_aمجلد _bnc _2rdacarrier |
||
| 440 | 0 |
_aسلسلة بحوث العلوم التربوية والنفسية _v38 |
|
| 504 | _aببليوجرافية : صفحة 60-62. | ||
| 610 | 2 | 7 |
_aجامعة أم القرى. _bكلية التربية _2aucnm |
| 610 | 2 | 7 |
_aجامعة أم القرى. _bكلية العلوم الاجتماعية _2aucnm |
| 650 | 7 |
_aالجامعات والكليات _zالسعودية _2aucsh |
|
| 856 |
_uhttp://libback.uqu.edu.sa/hipres/e-book/eb247.pdf _zالنص المختصر |
||
| 942 |
_2ddc _cBOOK _n0 |
||
| 949 |
_aSA-JeALM _d241207 _uosman123 _n1 |
||
| 999 |
_c3375 _d3375 |
||